000 00972nam a2200277 a 4500
001 000019771
005 20200929170132.0
008 100706s2000 mx r 000 0 spa d
020 _a9687742127
040 _aDO-SdBNP
_bspa
_cBNPHU
082 _a121
_bJ915c
100 1 _aJuárez Hernández, Fernando
_942234
245 1 0 _aCognición versus memoria :
_bun ejercicio de pragmática pedagógica /
_cFernando Juárez Hernández.
260 _aMéxico :
_bUniversidad Pedagógica Nacional (UPN),
_c2000.
300 _a124 p. ;
_c22 cm.
490 1 _aTextos ;
_v13
500 _aIncluye bibliografía [pag. 123-124].
500 _aIncluye índice onomástico.
500 _aIncluye índice analítico.
504 _aIncluye referencias bibliográficas y notas al pie de las páginas
650 4 _aTeoría del conocimiento
_913
650 4 _aFilosofía del lenguaje
_911270
650 4 _aMemoria
_940852
650 4 _aDicción
_942235
830 0 _aTextos ;
_n13
_942236
999 _c19285
_d19285